000
00346 a2200157 4500
001
60006
020
_a
9783190016570
040
_c
Anchieta - Pituba
100
_a
Balme, Michaela Perlmann
240
1
0
_a
Em übungsgrammatik
_l
por
245
1
0
_a
Em übungsgrammatik
300
_a
248
362
0
_a
2002
650
4
_a
Língua alemã
942
_c
BK
999
_c
60006
_d
60006